Občiansky zákonník - zákon s komentárom
Zákon č. 40/1964 Zb Občiansky zákonník v znení neskorších predpisov a zákon NR SR č. 526/2002 Z.z. s komentárom.
Uložené v:
| Hlavný autor: | |
|---|---|
| Médium: | Kapitola |
| Jazyk: | Slovak |
| Predmet: | |
| Tagy: |
Žiadne tagy, Buďte prvý, kto otaguje tento záznam!
|
MARC
| LEADER | 00000naa a2200000 4500 | ||
|---|---|---|---|
| 001 | r048759 | ||
| 005 | 20230720081420.0 | ||
| 041 | 0 | |a slo | |
| 044 | |a SK | ||
| 245 | 1 | 0 | |a Občiansky zákonník - zákon s komentárom |c Anna Krásnohorská |
| 520 | |a Zákon č. 40/1964 Zb Občiansky zákonník v znení neskorších predpisov a zákon NR SR č. 526/2002 Z.z. s komentárom. | ||
| 610 | 2 | 0 | |a zákonník občiansky |
| 610 | 2 | 0 | |a vzťahy občianskoprávne |
| 610 | 2 | 0 | |a zákony |
| 610 | 2 | 0 | |a komentáre |
| 610 | 2 | 0 | |a Slovensko |
| 610 | 2 | 0 | |a 1964-2002 |
| 100 | 1 | |a Krásnohorská, Anna | |